| 000 -LEADER |
| fixed length control field |
00621nam a22002057a 4500 |
| 008 - FIXED-LENGTH DATA ELEMENTS--GENERAL INFORMATION |
| fixed length control field |
150522b xxu||||| |||| 00| 0 eng d |
| 020 ## - INTERNATIONAL STANDARD BOOK NUMBER |
| International Standard Book Number |
9780071625364 (alk. paper) |
| 020 ## - INTERNATIONAL STANDARD BOOK NUMBER |
| International Standard Book Number |
0071625364 (alk. paper) |
| 041 0# - LANGUAGE CODE |
| Language code of text/sound track or separate title |
eng |
| 080 ## - UNIVERSAL DECIMAL CLASSIFICATION NUMBER |
| Universal Decimal Classification number |
339.138 |
| 100 ## - Rafti |
| Rafti |
Gilbreath, Bob. |
| 245 00 - TITLE STATEMENT |
| Title |
The next evolution of marketing : |
| Statement of responsibility, etc |
Bob Gilbreath. |
| 260 ## - |
| -- |
New York : |
| -- |
McGraw-Hill, |
| -- |
c2010. |
| 300 ## - |
| -- |
288 f |
| -- |
me il |
| -- |
24 cm. |
| 505 ## - |
| -- |
Index:f.281-288 |
| 650 #0 - |
| -- |
Marketing. |
| 650 #0 - |
| -- |
Reklamat |
| 650 #0 - |
| -- |
Marrëdhëniet me klient |
| 942 ## - ADDED ENTRY ELEMENTS (KOHA) |
| Source of classification or shelving scheme |
|
| Item type |
Books |